| 000 | 00861cam a22002413a 4500 | ||
|---|---|---|---|
| 001 | 1613 | ||
| 003 | PGUSA | ||
| 005 | 20140828083003.0 | ||
| 008 | 990101s1999||||xxu|||||s|||||000 1 eng d | ||
| 040 |
_aPGUSA _beng |
||
| 042 | _adc | ||
| 050 | 4 | _aPR | |
| 100 | 1 |
_aClouston, J. Storer _q(Joseph Storer), _d1870-1944 |
|
| 245 | 1 | 0 |
_aCount Bunker : _bBeing a Bald Yet Veracious Chronicle Containing Some Further Particulars of Two Gentlemen Whose Previous Careers Were Touched Upon in a Tome Entitled "The Lunatic at Large" _h[electronic resource] / _cJ. Storer Clouston |
| 260 |
_bProject Gutenberg, _c1999 |
||
| 506 | _aPublic domain in the USA. | ||
| 516 | _aElectronic text | ||
| 653 | _aHumorous stories | ||
| 653 | _aNobility -- Germany -- Fiction | ||
| 830 | 0 |
_aProject Gutenberg _v1613 |
|
| 856 | 4 | 0 | _uhttp://www.gutenberg.org/ebooks/1613 |
| 942 | _cEB | ||
| 999 |
_c230961 _d230961 |
||